<?xml version="1.0" encoding="UTF-8"?>
<record
    xmlns:xsi="http://www.w3.org/2001/XMLSchema-instance"
    xsi:schemaLocation="http://www.loc.gov/MARC21/slim http://www.loc.gov/standards/marcxml/schema/MARC21slim.xsd"
    xmlns="http://www.loc.gov/MARC21/slim">

  <leader>00990nam0a2200277   4500</leader>
  <controlfield tag="001">RU\NLR\ONL2\15246</controlfield>
  <controlfield tag="005">20260201141451.0</controlfield>
  <datafield tag="035" ind1=" " ind2=" ">
    <subfield code="a">(NLR Aleph) 009662831</subfield>
  </datafield>
  <datafield tag="090" ind1=" " ind2=" ">
    <subfield code="a">13537773</subfield>
    <subfield code="c">13537773</subfield>
  </datafield>
  <datafield tag="100" ind1=" " ind2=" ">
    <subfield code="a">20091007d1953    u  y0rusy50      ca</subfield>
  </datafield>
  <datafield tag="101" ind1="0" ind2=" ">
    <subfield code="a">aze</subfield>
  </datafield>
  <datafield tag="102" ind1=" " ind2=" ">
    <subfield code="a">AZ</subfield>
  </datafield>
  <datafield tag="105" ind1=" " ind2=" ">
    <subfield code="a">y |||||||||</subfield>
  </datafield>
  <datafield tag="200" ind1="1" ind2=" ">
    <subfield code="a">&#x412;&#x430;&#x43B;&#x438;&#x434;&#x435;j&#x43D;&#x43B;&#x4D9;&#x440; &#x433;&#x44B;&#x437;&#x44B;&#x43B;&#x4B9;&#x430; h&#x430;&#x433;&#x433;&#x44B;&#x43D;&#x434;&#x430; &#x43D;&#x4D9;j&#x438; &#x431;&#x438;&#x43B;&#x43C;&#x4D9;&#x43B;&#x438;&#x434;&#x438;&#x440;&#x43B;&#x4D9;&#x440;</subfield>
    <subfield code="e">&#x432;&#x430;&#x43B;&#x438;&#x434;&#x435;j&#x43D;&#x43B;&#x44D;&#x440; &#x443;&#x447;&#x443;&#x43D; j&#x430;&#x434;&#x434;&#x430;&#x448;</subfield>
    <subfield code="f">&#x410;&#x437;&#x421;&#x421;&#x420; &#x421;&#x44D;h. &#x43D;&#x430;&#x437;., &#x420;&#x435;&#x441;&#x43F;. &#x421;&#x44D;h. &#x43C;&#x430;&#x430;&#x440;&#x438;&#x444;&#x438; &#x435;&#x432;&#x438;</subfield>
  </datafield>
  <datafield tag="210" ind1=" " ind2=" ">
    <subfield code="a">&#x411;&#x430;&#x43A;&#x44B;</subfield>
    <subfield code="c">&#x411;&#x438;&#x440;&#x43B;&#x44D;&#x448;. &#x43D;&#x44D;&#x448;&#x440;.</subfield>
    <subfield code="d">1953</subfield>
  </datafield>
  <datafield tag="215" ind1=" " ind2=" ">
    <subfield code="a">8 &#x441;.</subfield>
    <subfield code="d">15</subfield>
  </datafield>
  <datafield tag="541" ind1="1" ind2=" ">
    <subfield code="a">&#x427;&#x442;&#x43E; &#x43D;&#x430;&#x434;&#x43E; &#x43F;&#x43E;&#x43C;&#x43D;&#x438;&#x442;&#x44C; &#x440;&#x43E;&#x434;&#x438;&#x442;&#x435;&#x43B;&#x44F;&#x43C; &#x43E; &#x43A;&#x43E;&#x440;&#x438;</subfield>
    <subfield code="e">&#x43F;&#x430;&#x43C;&#x44F;&#x442;&#x43A;&#x430; &#x440;&#x43E;&#x434;&#x438;&#x442;&#x435;&#x43B;&#x44F;&#x43C;</subfield>
    <subfield code="z">rus</subfield>
  </datafield>
  <datafield tag="606" ind1="0" ind2=" ">
    <subfield code="a">&#x41A;&#x43E;&#x440;&#x44C;</subfield>
    <subfield code="9">995663</subfield>
    <subfield code="3">RU\NLR\auth\6658958</subfield>
  </datafield>
  <datafield tag="686" ind1="1" ind2=" ">
    <subfield code="a">&#x420;194.25</subfield>
  </datafield>
  <datafield tag="801" ind1=" " ind2="0">
    <subfield code="a">RU</subfield>
    <subfield code="b">NLR</subfield>
    <subfield code="c">20091026</subfield>
    <subfield code="g">PSBO</subfield>
  </datafield>
  <datafield tag="852" ind1=" " ind2=" ">
    <subfield code="a">NLR</subfield>
    <subfield code="b">&#x41E;&#x41D;&#x41B;</subfield>
    <subfield code="j">&#x410;&#x437;&#x435;&#x440;&#x431;./1-1233</subfield>
  </datafield>
  <datafield tag="942" ind1=" " ind2=" ">
    <subfield code="c">BOOK</subfield>
  </datafield>
  <datafield tag="980" ind1=" " ind2=" ">
    <subfield code="a">ONL_RF</subfield>
  </datafield>
  <datafield tag="980" ind1=" " ind2=" ">
    <subfield code="a">NB</subfield>
  </datafield>
</record>
